[Event "Vaujany op 5th"]
[Site "Vaujany"]
[Date "2014.07.16"]
[Round "7.1"]
[White "David, Bogdan Emanuel"]
[Black "Colin, Enzo"]
[Result "1-0"]
[WhiteElo "1852"]
[BlackElo "1934"]
[PlyCount "53"]
[EventDate "2014.07.10"]
[EventType "swiss"]
[EventRounds "9"]
[EventCountry "FRA"]
[SourceTitle "EXT 2017"]
[Source "ChessBase"]
[SourceDate "2016.10.25"]
[SourceVersion "1"]
[SourceVersionDate "2016.10.25"]
[SourceQuality "1"]

1. e4 e6 2. d3 d5 3. Nd2 Nf6 4. Ngf3 c5 5. g3 b6 6. Bg2 Nc6 7. 0-0 Bb7 8. Re1 Be7 9. c3 Qc7 10. a3 0-0-0 11. b4 Rdg8 12. Nb3 c4 13. dxc4 dxc4 14. Nbd4 Nd7 15. Qe2 Nxd4 16. Nxd4 Kb8 17. a4 Bf6 18. Be3 a6 19. b5 a5 20. Nc6+ Ka8 21. Qxc4 Rc8 22. Qb3 e5 23. Rad1 Nb8 24. Bh3 Rce8 25. Nxb8 Rxb8 26. Rd7 Qc8 27. Bxb6 1-0

[Event "Vaujany op 5th"]
[Site "Vaujany"]
[Date "2014.07.11"]
[Round "2.1"]
[White "Colin, Enzo"]
[Black "Ringot, Arnaud"]
[Result "1-0"]
[WhiteElo "1934"]
[BlackElo "1688"]
[PlyCount "33"]
[EventDate "2014.07.10"]
[EventType "swiss"]
[EventRounds "9"]
[EventCountry "FRA"]
[SourceTitle "EXT 2017"]
[Source "ChessBase"]
[SourceDate "2016.10.25"]
[SourceVersion "1"]
[SourceVersionDate "2016.10.25"]
[SourceQuality "1"]

1. e4 e5 2. Nf3 Nc6 3. d4 exd4 4. Bc4 Bc5 5. 0-0 d6 6. c3 Bg4 7. Qb3 Qd7 8. Bxf7+ Kf8 9. Bd5 Na5 10. Qd1 dxc3 11. Nxc3 c6 12. Bxg8 Rxg8 13. h3 Bh5 14. Qd3 h6 15. Na4 Qe7 16. Bd2 Bb6 17. b4 1-0

[Event "FRA-ch U12"]
[Site "Montlucon"]
[Date "2011.04.19"]
[Round "4"]
[White "Colin, Enzo"]
[Black "Aghamir Alrobiai, Nizar"]
[Result "1-0"]
[WhiteElo "1610"]
[BlackElo "1720"]
[PlyCount "87"]
[EventDate "2011.04.17"]
[EventType "swiss"]
[EventRounds "9"]
[EventCountry "FRA"]
[SourceTitle "CBM 142 Extra"]
[Source "ChessBase"]
[SourceDate "2011.06.27"]
[SourceVersion "1"]
[SourceVersionDate "2011.06.27"]
[SourceQuality "1"]

1. e4 e6 2. d4 d5 3. exd5 exd5 4. c4 Nc6 5. Nc3 dxc4 6. Nf3 Bg4 7. d5 Bxf3 8. Qxf3 Nb4 9. Qd1 Nd3+ 10. Bxd3 cxd3 11. Qxd3 c6 12. 0-0 Bd6 13. Qd4 f6 14. Qg4 Qd7 15. Re1+ Be5 16. Qxd7+ Kxd7 17. dxc6+ Kxc6 18. Bd2 Rd8 19. Rac1 b6 20. Kh1 Kb7 21. Rc2 Ne7 22. f4 Bd6 23. Nb5 Nc6 24. Rec1 Bc5 25. b4 a6 26. bxc5 axb5 27. cxb6 Rc8 28. Be3 Ne7 29. Rc7+ Rxc7 30. Rxc7+ Kb8 31. Rxe7 g6 32. h3 h5 33. Bd4 Rf8 34. Rc7 g5 35. fxg5 fxg5 36. Be5 Rf1+ 37. Kh2 Rf5 38. Re7+ Kc8 39. b7+ Kd8 40. b8Q+ Kxe7 41. Qd6+ Kf7 42. Qd7+ Kf8 43. Qxf5+ Ke8 44. Bd6 1-0

[Event "FRA-ch U12"]
[Site "Troyes"]
[Date "2010.04.12"]
[Round "2"]
[White "Colin, Enzo"]
[Black "Froment, Theophile"]
[Result "0-1"]
[WhiteElo "1630"]
[BlackElo "1834"]
[PlyCount "72"]
[EventDate "2010.04.11"]
[EventType "swiss"]
[EventRounds "9"]
[EventCountry "FRA"]
[SourceTitle "EXT 2012"]
[Source "ChessBase"]
[SourceDate "2011.11.24"]
[SourceVersion "1"]
[SourceVersionDate "2011.11.24"]
[SourceQuality "1"]

1. e4 e6 2. d4 d5 3. exd5 exd5 4. c4 Nc6 5. Nf3 Bg4 6. Be3 Bb4+ 7. Nc3 Nf6 8. a3 Bxc3+ 9. bxc3 0-0 10. Be2 Re8 11. 0-0 Ne4 12. Qc2 dxc4 13. Bxc4 Bxf3 14. gxf3 Qh4 15. fxe4 Qg4+ 16. Kh1 Qf3+ 17. Kg1 Rxe4 18. h3 Rh4 19. Bd5 Qxd5 20. f3 Re8 21. Rfe1 Rxh3 22. Qg2 Qd7 23. Bf2 Rxe1+ 24. Rxe1 Rh6 25. Kf1 Rg6 26. Qh3 Qxh3+ 27. Ke2 Re6+ 28. Be3 Qg2+ 29. Kd3 Qxf3 30. Kd2 Na5 31. Kd3 Nc4 32. Kxc4 Rxe3 33. Rb1 Rxc3+ 34. Kb4 Qd3 35. a4 b6 36. Rb2 a5# 0-1